[Event "Vanya Somov Memorial 2018"]
[Site "Kirishi"]
[Date "2018.05.17"]
[Round "3.4"]
[White "Zarubitski, Viachaslau"]
[Black "Pultinevicius, Paulius"]
[Result "1-0"]
[WhiteElo "2435"]
[BlackElo "2402"]
[Annotator "TA"]
[PlyCount "113"]
[EventDate "2018.05.15"]
[EventType "tourn"]
[EventRounds "11"]
[EventCountry "RUS"]

{[%evp 32,113,28,0,28,22,19,16,12,14,39,23,28,20,81,23,16,19,22,4,17,0,6,22,48,47,68,56,78,24,48,39,41,38,53,35,34,27,27,16,31,34,75,28,74,62,82,79,74,69,72,66,74,52,229,69,151,144,144,131,133,105,137,88,105,105,119,94,143,48,143,137,147,0,0,0,0,0,567,398,2281,2259,29991,29992]} 1. e4 e5 2. Nf3 Nc6 3. Bb5 a6 4. Ba4 Nf6 5. O-O Be7 6. Re1 b5 7. Bb3 d6 8. c3 O-O 9. h3 Nb8 10. d4 Nbd7 11. Nbd2 Bb7 12. Bc2 Re8 13. Nf1 Bf8 14. Ng3 g6 15. a4 Nb6 {C95: Closed Ruy Lopez: Breyer Variation with 10 d4} 16. a5 (16. axb5 axb5 17. Bg5 Bg7 18. Bd3 Rxa1 19. Qxa1 c6 20. Be3 Qc7 21. dxe5 dxe5 22. Qc1 Bc8 23. Qc2 {½-½ (32) Anand,V (2767)-Carlsen,M (2834) Wijk aan Zee 2018}) 16... Nbd7 17. b3 {LiveBook: 4 Games} Rc8 {The position is equal.} 18. d5 $146 ({Predecessor:} 18. Bg5 h6 19. Bd2 Bg7 20. d5 c6 21. c4 cxd5 22. cxd5 Nh7 23. b4 {½-½ (31) Valiente,C (2370)-De las Heras,J (2330) Mar del Plata 1991}) 18... c6 {[%cal Rc6d5]} 19. c4 $1 Qc7 {Threatens to win with ...cxd5.} 20. Ra2 Bg7 21. Be3 Rb8 22. Qe2 Nc5 (22... bxc4 $11 23. bxc4 Rec8) 23. Rc1 (23. b4 $16 Ncd7 24. cxb5 cxb5 25. Rc1) 23... bxc4 $11 24. bxc4 Bc8 25. Nd2 {[%cal Bf3d2,Bd2b1,Bb1a3][%mdl 32]} Bd7 26. Nb1 cxd5 27. cxd5 Rb5 28. Na3 Rb4 29. Bd2 Rbb8 30. Qe3 ({White should play} 30. Bd3 $16) 30... Qd8 31. Raa1 Qe7 32. Rab1 Rec8 33. Rxb8 (33. Rb6 {keeps more tension.} Bf8 34. Rcb1 Qd8 35. f3 Ne8 36. Ne2) 33... Rxb8 34. Rb1 Rxb1+ 35. Bxb1 h5 36. Bb4 Ne8 37. Nc4 Bf8 38. Nb6 Bb5 39. Ne2 Nc7 40. Nc3 Be8 41. Ba2 Qd8 42. Bc4 Qb8 $2 {[#]} (42... Na8 $1 $14) 43. Qe2 $2 ({White has to play} 43. Bxc5 $1 $18 dxc5 44. Qd3) 43... Qb7 (43... Nd7 $1 $14) 44. Bxc5 $16 dxc5 45. Qd1 {aiming for d6.} Bd6 46. Qb3 Kg7 47. Kf1 Qb8 48. Qb1 Kg8 49. Qd3 Qb7 50. Ke1 ({White should try} 50. g3 $16) 50... Kg7 (50... Nb5 $1 $14) 51. Kd1 Kg8 52. f4 (52. g3 $16) 52... exf4 $11 53. e5 $36 {[%mdl 2048] White is more active.} Bxe5 {White must now prevent ...Na8.} 54. d6 Nb5 $2 {[%mdl 8192] [#]} (54... Qxg2 $6 55. d7 $18) (54... Ne6 $11 {and Black has nothing to worry.}) 55. Nxb5 axb5 $2 (55... Qxg2 56. d7 Bxd7 57. Nxd7 (57. Qxd7 Qg1+ 58. Kc2 Qg2+ 59. Qd2 f3 $16) 57... axb5 58. Bxf7+ (58. Nxe5 bxc4 59. Qxc4 Qg1+ 60. Kc2 Qg2+ 61. Kb1 Qb7+ 62. Kc1 Qh1+ 63. Kb2 Qb7+ 64. Qb3 Qg2+ 65. Ka3 c4 $18) (58. Bxb5 Qh1+ 59. Qf1 Qe4 $11) 58... Kxf7 59. Nxe5+ Ke6) 56. d7 $18 Bxd7 57. Qxg6+ {Precision: White = 48%, Black = 30%.} 1-0

[Event "Vanya Somov Memorial 2018"]
[Site "Kirishi"]
[Date "2018.05.17"]
[Round "3.6"]
[White "Shevchenko, Kirill"]
[Black "Lobanov, Sergei"]
[Result "1/2-1/2"]
[WhiteElo "2569"]
[BlackElo "2515"]
[Annotator "TA"]
[PlyCount "63"]
[EventDate "2018.05.15"]
[EventType "tourn"]
[EventRounds "11"]
[EventCountry "RUS"]

{[%evp 20,63,9,12,8,7,12,0,10,10,14,16,51,51,29,22,22,20,20,20,20,24,20,27,12,18,25,26,31,23,12,14,18,8,12,13,18,8,0,0,10,0,8,0,0,0]} 1. e4 c6 2. d4 d5 3. e5 Bf5 4. h4 h5 5. Bd3 Bxd3 6. Qxd3 e6 7. Bg5 {B12: Caro-Kann (Vorstoß-Variante)} Be7 8. Nf3 Nh6 9. Nc3 Nf5 10. Ne2 c5 11. dxc5 {LiveBook: 9 Partien} Qa5+ 12. c3 {[%cal Bc2c3,Bc3d4][%mdl 32]} Qxc5 13. Ned4 Nxd4 14. cxd4 {[#]} Qb4+ $146 ({Vorgänger:} 14... Qa5+) 15. Bd2 Qc4 16. Qxc4 dxc4 17. Rc1 b5 18. a4 a6 19. Ra1 b4 20. Rc1 Nd7 21. Rxc4 {zielt auf a5 ab.} Nb6 22. Rc7 Nxa4 23. Rb7 Nxb2 24. Ke2 Na4 25. Rc1 {Die Stellung ist ausgeglichen.} Nc3+ $1 26. Bxc3 bxc3 27. Rxc3 {[#] Schwarz muss nun Tcc7 beachten.} Bd8 $1 28. Ng5 O-O 29. Ne4 Re8 30. Rcb3 Bxh4 31. Rh3 Be7 32. Rxh5 {Precision: Weiß = 57%, Schwarz = 80%.} 1/2-1/2

[Event "Vanya Somov Memorial 2018"]
[Site "Kirishi"]
[Date "2018.05.18"]
[Round "4.1"]
[White "Shubin, Kirill"]
[Black "Lobanov, Sergei"]
[Result "1/2-1/2"]
[WhiteElo "2317"]
[BlackElo "2515"]
[Annotator "TA"]
[PlyCount "71"]
[EventDate "2018.05.15"]
[EventType "tourn"]
[EventRounds "11"]
[EventCountry "RUS"]

{[%evp 19,71,8,18,-61,0,-10,-38,-27,-13,-18,-10,-10,-16,-6,0,-11,-15,-12,0,6,72,-26,-23,-26,-26,-24,-41,-57,-44,-45,-44,-52,-22,-41,-13,-6,-11,-10,-8,-18,0,-86,-78,-110,-12,-12,-12,-12,-14,-14,0,0,0,0]} 1. e4 c5 2. Nf3 d6 3. d4 cxd4 4. Nxd4 Nf6 5. Nc3 a6 6. Be3 e5 7. Nb3 Be6 8. h3 {B90: Sicilian Najdorf: Unusual White 6th moves, 6 Be3 Ng4 and 6 Be3 e5} (8. f3 Nbd7 9. Qd2 b5 10. g4 b4 11. Ne2 h6 12. Ng3 d5 13. Bd3 Qc7 14. Qe2 dxe4 15. Nxe4 Nd5 16. Bd2 a5 17. c4 bxc3 18. Nxc3 Nxc3 19. Bxc3 {½-½ (51) Fedoseev,V (2724)-Robson,R (2645) chess.com INT 2018}) 8... Be7 9. f4 b5 10. Qf3 O-O {LiveBook: 3 Games} 11. a3 $146 (11. O-O-O $11) ({Predecessor:} 11. O-O-O Nc6 12. g4 Rc8 13. Kb1 exf4 14. Bxf4 Qc7 15. g5 {0-1 (35) Potkin,V (2597)-Amonatov,F (2614) Almaty 2016}) 11... Nbd7 (11... Nc6 $15) 12. f5 Bxb3 $1 13. cxb3 {[#]} d5 $1 {[%mdl 512]} 14. exd5 (14. Nxd5 Nxd5) 14... Nc5 15. b4 Nb3 16. Rd1 Nd4 17. Bxd4 exd4 18. Rxd4 Bd6 19. Be2 Bc7 (19... Qb6 $11 20. Rd3 a5) 20. Kd1 (20. Rd3 $16) 20... Be5 $11 21. Rd2 $1 a5 22. Nxb5 {Strongly threatening bxa5.} axb4 23. Re1 bxa3 24. bxa3 ({But not} 24. Nxa3 Qd6 $17) 24... Rc8 {And now ...Qa5 would win.} 25. Bf1 Re8 {Hoping for ...Rc5.} (25... Bc7 $5 {[%cal Rc7a5]} 26. Na7 Ra8 $11) 26. d6 Qa5 {[#] ( -> ...Qa4+)} 27. Qb3 $1 {d7 is the strong threat.} ({Not} 27. Nc7 $2 Red8 $19) 27... Qxd2+ 28. Kxd2 Bf4+ 29. Re3 $1 Rc5 30. Nc7 (30. g4 $11 {remains equal.}) 30... Rxe3 $17 31. Qxe3 Bxe3+ ({Better is} 31... Rxf5 $17 32. Bb5 Ne4+ 33. Kd3 Nc5+ 34. Ke2 Bxe3 35. Kxe3 Nb7) 32. Kxe3 {KRN-KBN. The position is equal.} Rc3+ 33. Kd4 Rxa3 34. Nd5 $1 {[%cal Rd5f6]} Kf8 35. Nxf6 gxf6 36. Bb5 {Precision: White = 46%, Black = 69%.} 1/2-1/2

[Event "Vanya Somov Memorial 2018"]
[Site "Kirishi"]
[Date "2018.05.18"]
[Round "4.3"]
[White "Pultinevicius, Paulius"]
[Black "Hakobyan, Aram"]
[Result "0-1"]
[WhiteElo "2402"]
[BlackElo "2542"]
[Annotator "TA"]
[PlyCount "48"]
[EventDate "2018.05.15"]
[EventType "tourn"]
[EventRounds "11"]
[EventCountry "RUS"]

{[%evp 17,48,8,8,-12,-16,-110,-25,-25,-29,-28,-27,-28,-31,-13,-18,-116,-110,-113,-118,-115,-80,-95,-82,-96,-95,-90,-84,-158,-152,-411,-438,-421,-412]} 1. e4 c6 2. d4 d5 3. e5 Bf5 4. Nf3 e6 5. Be2 Ne7 6. O-O Ng6 {B12: Caro-Kann: Advance Variation} (6... h6 7. Nbd2 Bh7 8. Nb3 Nd7 9. a4 g5 10. a5 a6 11. c3 Nf5 12. Bd3 g4 13. Ne1 h5 14. Nc2 c5 15. Nxc5 Nxc5 16. dxc5 Bxc5 {½-½ (33) Svidler,P (2768)-Adhiban,B (2655) Wijk aan Zee 2018}) 7. Be3 Nd7 8. Nbd2 f6 9. exf6 Qxf6 {LiveBook: 6 Games} 10. Ne1 {Black must now prevent g4.} Bd6 11. g4 $146 {[#]} (11. c3 $11) ({Predecessor:} 11. f4 Nxf4 12. Bf3 O-O 13. Kh1 Ng6 14. g4 {0-1 (28) Sammed Jaykumar,S (2310)-Swapnil,S (2516) Patna 2017}) 11... Be4 (11... Qh4 $1 $17 {[%csl Gd6][%cal Rh4h2]} 12. f4 Qh3) 12. f3 Qh4 {[%csl Gd6][%cal Rh4h2]} 13. Rf2 Bf4 $1 {[%cal Rf4e3]} 14. Nf1 $1 {aiming for Ng2.} ({Much weaker is} 14. Bxf4 Nxf4 15. Rg2 Nh3+ 16. Kh1 Bg6 $17) 14... Bxe3 $40 {[%mdl 128] Black mounts an attack.} 15. Nxe3 Nf4 $1 {[%cal Rf4h3] Threatens to win with ...Nh3+.} 16. Bf1 (16. Rf1 $1 $11 Bg6 17. Kh1) 16... O-O 17. Qd2 Bg6 18. Kh1 e5 19. N3g2 Qe7 (19... Qh6 {keeps more tension.} 20. Nxf4 Qxf4 21. Qxf4 Rxf4 22. dxe5 Nxe5 23. h3 Raf8) 20. Nxf4 Rxf4 ({Of course not} 20... exf4 21. Bd3 $11) 21. dxe5 Raf8 22. Re2 (22. Bd3 $142) 22... Nxe5 $17 23. Qc3 $2 {[#]} (23. Bg2 $17 {was called for.} Qf6 24. h3) 23... Be4 $1 $19 {[%cal Re5f3][%mdl 512]} 24. Bg2 (24. fxe4 Rxf1+) 24... Nxf3 {Precision: White = 41%, Black = 64%.} 0-1

[Event "Vanya Somov Memorial 2018"]
[Site "Kirishi"]
[Date "2018.05.18"]
[Round "4.4"]
[White "Gharibyan, Mamikon"]
[Black "Zarubitski, Viachaslau"]
[Result "1-0"]
[WhiteElo "2269"]
[BlackElo "2435"]
[Annotator "TA"]
[PlyCount "111"]
[EventDate "2018.05.15"]
[EventType "tourn"]
[EventRounds "11"]
[EventCountry "RUS"]

{[%evp 16,111,36,23,32,25,73,56,96,88,139,114,197,204,214,205,202,191,211,178,183,196,187,178,136,203,235,245,239,242,234,233,240,237,229,231,227,222,222,210,243,247,249,249,280,266,315,314,331,326,547,551,549,533,524,140,140,140,347,346,346,347,346,335,331,328,323,315,360,372,393,367,677,604,784,775,711,604,886,663,649,659,624,649,627,597,975,856,579,575,29972,29973,29973,29972,29958,29958,29986,29987]} 1. d4 Nf6 2. Nf3 e6 3. c4 Nc6 4. g3 Bb4+ 5. Bd2 Qe7 6. Bg2 O-O 7. O-O Bxd2 8. Qxd2 d5 {E11: Bogo-Indian} 9. Nc3 {LiveBook: 6 Games} (9. e3 dxc4 10. Rc1 e5 11. Nxe5 Nxe5 12. dxe5 Ng4 13. Na3 Nxe5 14. Nxc4 {0-1 (62) Feller,S (2622)-Georgiev,K (2607) Bol 2015}) 9... Rd8 10. Ne5 Nb8 $146 {White has an edge.} ({Predecessor:} 10... Bd7 11. Rad1 Be8 12. Qf4 Qb4 13. Rd2 dxc4 14. Nxc6 Bxc6 {0-1 (56) Unuk,L (2276)-Deur,Z (2187) Rijeka 2016}) 11. Rac1 dxc4 12. Rfd1 c5 (12... c6 $142) 13. Qe3 Nd5 (13... Rxd4 $16 {was worth a try.} 14. Rxd4 cxd4 15. Qxd4 Nc6 16. Bxc6 (16. Nxc6 bxc6 17. Qxc4 Rb8 $16) 16... bxc6) 14. Nxd5 $18 exd5 15. dxc5 Be6 {[#]} 16. Nxc4 $1 {[%mdl 512]} dxc4 17. Rxd8+ Qxd8 18. Bxb7 Nd7 {White should prevent ...Rb8.} 19. Rd1 ({Weaker is} 19. Bxa8 Qxa8 20. Rd1 Qb7 $14) 19... Rb8 20. c6 $1 {[%csl LRa7,LRd7]} g5 21. Qd2 ({Worse is} 21. Qxa7 Qb6 $14) 21... Rxb7 22. cxb7 Qb6 23. Qxg5+ Kf8 {[#]} 24. Qh6+ $1 Ke8 25. Qxh7 Qxb7 26. Qh8+ Ke7 27. Qd4 Qb5 28. Rd2 a5 29. f3 Qf5 30. h4 {[%cal Bh2h4,Bh4h5,Bh5h6][%mdl 32]} Qb1+ 31. Rd1 Qxa2 32. h5 {Black must now prevent h6.} Qb3 $2 (32... c3 {was necessary.}) 33. h6 {Hoping for h7.} Qb8 34. Kf2 Qg8 35. Qg7 $2 (35. Ra1 $18 {has better winning chances.}) 35... Qxg7 $16 36. hxg7 Nf6 $2 (36... f6 $16 37. Ra1 Kf7 38. Rxa5 Kxg7) 37. Ra1 $18 Ng8 38. Rxa5 Kf6 39. e4 Kxg7 40. g4 Ne7 41. Rc5 f6 42. Kg3 Kf7 43. f4 {[%cal Bf3f4,Bf4f5][%mdl 32]} Ke8 $2 (43... Bd7 44. Rxc4 Nc6) 44. f5 Bg8 45. Rc7 Kd8 46. Ra7 Ke8 47. Kf4 Nc6 48. Rb7 Ne5 49. g5 Nd3+ 50. Kg4 Ne5+ 51. Kh5 fxg5 52. Kxg5 Bf7 53. Kf6 {White mates.} Ng4+ {[#]} 54. Kg7 $1 Bh5 55. f6 Nf2 56. e5 {Precision: White = 87%, Black = 31%.} 1-0

[Event "Vanya Somov Memorial 2018"]
[Site "Kirishi"]
[Date "2018.05.18"]
[Round "4.6"]
[White "Kacharava, Nikolozi"]
[Black "Murzin, Volodar"]
[Result "1-0"]
[WhiteElo "2392"]
[BlackElo "2302"]
[PlyCount "89"]
[EventDate "2018.05.15"]
[EventType "tourn"]
[EventRounds "11"]
[EventCountry "RUS"]

1. e4 c5 2. Nf3 d6 3. d4 cxd4 4. Nxd4 Nf6 5. Nc3 a6 6. h3 b5 7. g4 Bb7 8. Bg2 g6 9. Be3 Nbd7 10. g5 Nh5 11. Qd2 e5 12. Nde2 Be7 13. Nd5 Bxd5 14. Qxd5 O-O 15. Qd2 Rc8 16. b3 Nc5 17. Bf3 Ng7 18. Nc3 Nce6 19. h4 f6 20. gxf6 Bxf6 21. Bg4 Rc6 22. Nd5 h5 23. Bh3 Kh7 24. O-O-O Bxh4 25. Rdg1 a5 26. Bf1 b4 27. Kb1 Nc5 28. f4 exf4 29. Qg2 Qe8 30. Rxh4 fxe3 31. Nxe3 Rc7 32. Nd5 Ra7 33. Bb5 Qe6 34. Bc4 Qe8 35. Nf4 Rf6 36. Nd5 Rf8 37. Bb5 Qxb5 38. Qxg6+ Kg8 39. Rxh5 Rf2 40. Kb2 Rg2 41. Nf6+ Kf8 42. Rh8+ Ke7 43. Nd5+ Kd7 44. Qf7+ Kc6 45. Rc8+ 1-0

[Event "Vanya Somov Memorial 2018"]
[Site "Kirishi"]
[Date "2018.05.19"]
[Round "5.1"]
[White "Murzin, Volodar"]
[Black "Shubin, Kirill"]
[Result "1-0"]
[WhiteElo "2302"]
[BlackElo "2317"]
[PlyCount "119"]
[EventDate "2018.05.15"]
[EventType "tourn"]
[EventRounds "11"]
[EventCountry "RUS"]

1. e4 e6 2. d3 d5 3. Nd2 c5 4. Ngf3 Nc6 5. g3 g6 6. Bg2 Bg7 7. O-O Nge7 8. Re1 h6 9. c3 b6 10. e5 g5 11. h3 a5 12. Nf1 Qc7 13. d4 Nf5 14. g4 Nfe7 15. Ng3 cxd4 16. cxd4 Nb4 17. Re3 Qc2 18. Bd2 Qxd1+ 19. Rxd1 Ba6 20. Nh5 O-O 21. a3 Nd3 22. Bc3 Nf4 23. Nxf4 gxf4 24. Ree1 h5 25. gxh5 Bh6 26. Bf1 Bxf1 27. Kxf1 Nf5 28. Ke2 Rac8 29. Kd3 Rc4 30. Rg1+ Kh7 31. b3 Rc6 32. Rc1 Rfc8 33. Bd2 Rxc1 34. Bxc1 Ng7 35. Bd2 Nxh5 36. a4 f6 37. Re1 fxe5 38. Nxe5 Bg7 39. Nf3 Nf6 40. Ng5+ Kg6 41. Rg1 Bf8 42. Nxe6+ Kf5 43. Nxf4 Bd6 44. Ne2 Rh8 45. Rh1 Ne4 46. Be3 Rh4 47. Nc3 Nf6 48. Ke2 Bb4 49. Nb5 Be7 50. Kf3 Rh8 51. h4 Rh5 52. Nc3 Ke6 53. Ne2 Rf5+ 54. Nf4+ Kf7 55. Rg1 Ng8 56. Kg4 Nh6+ 57. Kh3 Ng8 58. Nd3 Bf6 59. Kg4 Ne7 60. Rc1 1-0

[Event "Vanya Somov Memorial 2018"]
[Site "Kirishi"]
[Date "2018.05.19"]
[Round "5.3"]
[White "Zarubitski, Viachaslau"]
[Black "Sargsyan, Shant"]
[Result "1/2-1/2"]
[WhiteElo "2435"]
[BlackElo "2489"]
[Annotator "TA"]
[PlyCount "42"]
[EventDate "2018.05.15"]
[EventType "tourn"]
[EventRounds "11"]
[EventCountry "RUS"]

{[%evp 25,38,30,17,22,15,10,10,0,0,-15,-11,-17,-16,-16,-16]} 1. e4 e5 2. Nf3 Nc6 3. Bb5 a6 4. Ba4 Nf6 5. O-O Nxe4 6. d4 b5 7. Bb3 d5 8. dxe5 Be6 9. Be3 Be7 10. c3 O-O 11. Nbd2 Nxd2 12. Qxd2 Na5 13. Nd4 Nc4 {LiveBook: 3 Games. C83: Open Ruy Lopez: 9 c3 Be7} 14. Bxc4 {The position is equal.} dxc4 15. f4 (15. Rfd1 Bd7 16. a4 bxa4 17. Qe2 Qc8 18. Qxc4 c5 19. Nf3 h6 20. e6 Bxe6 21. Qxa4 {½-½ (37) Bauer,C (2647)-Anton Guijarro,D (2651) Heraklio 2017}) 15... Bd7 16. f5 c5 {[#]} 17. f6 $1 {[%mdl 512] Hoping for Bg5.} cxd4 (17... gxf6 18. Nf3) 18. Bxd4 {White threatens Qg5 and mate.} Re8 {Strongly threatening ...Bf8.} 19. fxe7 Qxe7 {Predecessor:} 20. Rf3 $146 Bc6 21. Rg3 Be4 {½-½ (21) Aulaskari,P-Huuskonen,V Finland 1991} 1/2-1/2

[Event "Vanya Somov Memorial 2018"]
[Site "Kirishi"]
[Date "2018.05.19"]
[Round "5.4"]
[White "Hakobyan, Aram"]
[Black "Gharibyan, Mamikon"]
[Result "1-0"]
[WhiteElo "2542"]
[BlackElo "2269"]
[Annotator "TA"]
[PlyCount "127"]
[EventDate "2018.05.15"]
[EventType "tourn"]
[EventRounds "11"]
[EventCountry "RUS"]

{[%evp 28,127,42,40,45,54,48,47,101,82,91,91,94,93,93,93,92,87,84,89,87,89,87,50,108,116,116,111,118,101,101,101,93,89,104,104,100,88,92,92,100,93,100,93,97,92,90,104,111,111,111,111,125,69,84,84,83,69,90,76,77,77,84,0,97,72,151,151,151,151,151,151,151,151,151,151,151,151,151,151,151,133,151,151,151,133,151,116,151,147,352,331,1262,1264,1407,1405,1662,1463,6428,5635,29963,12267]} 1. d4 Nf6 2. c4 e6 3. Nc3 Bb4 4. e3 O-O 5. Bd3 d5 6. Nf3 dxc4 7. Bxc4 c5 8. O-O Nc6 9. a3 Ba5 10. Qd3 a6 11. dxc5 Qxd3 {E56: Nimzoindisch (Moderne Variante)} 12. Bxd3 Bxc3 (12... Rd8 13. Bc2 Bxc3 14. bxc3 e5 15. a4 Be6 16. Rb1 Bc4 17. Re1 Rab8 18. e4 Bd3 19. Rb2 {½-½ (30) Landa,K (2647)-Almasi,Z (2695) Germany 2014}) 13. bxc3 Nd7 14. Bc2 Nxc5 15. a4 {[#] LiveBook: 3 Partien. Schwarz muss nun La3 beachten.} Rd8 16. Ba3 Nd7 $1 17. Rfd1 b6 $146 ({Günstiger ist} 17... Nf6 $1 $14) ({Vorgänger:} 17... b5 18. Rd6 Ndb8 19. Rxd8+ Nxd8 {1-0 (32) Leoncini,M-Mandolfo,G corr 1975}) 18. Be4 $16 Bb7 {[#]} 19. Nd4 $1 {[%cal Rd4c6]} Nde5 20. f4 f5 21. Bxc6 $1 ({Viel schwächer wäre} 21. Nxe6 $6 Rxd1+ 22. Rxd1 fxe4 $11) 21... Nxc6 22. Nxe6 Rxd1+ 23. Rxd1 {Td7 ist eine echte Drohung.} Bc8 24. Nc7 Ra7 25. Nd5 Rd7 (25... Rb7 $1 $14) 26. c4 Kf7 27. Rb1 Bb7 28. Nxb6 ({Bitte nicht} 28. Rxb6 $6 Na5 $14) 28... Rd3 29. Bc5 Na5 30. Nd5 Rb3 31. Rxb3 Nxb3 {[%mdl 4096] Endspiel KLS-KLS} 32. Bd4 g6 33. Kf2 Nd2 34. Nb6 Ke6 35. c5 Nb3 36. g3 Nc1 37. Ke1 Nd3+ 38. Ke2 Nb4 39. Kd2 Bc6 40. a5 (40. Kc3 $16 Nd5+ 41. Kb3) 40... Bb5 41. Bc3 Nc6 42. Kc2 Nb8 43. Kb3 Nd7 44. Kb4 Nb8 45. Kb3 (45. Ka3 {feels hotter.} Nc6 46. Kb2 Bd3 47. Be1 Ne7 48. Kb3) 45... Nd7 46. Bb4 (46. Bd4 {keeps more tension.} Nb8 47. Bb2 Nc6 48. Bc3 Bd3 49. Kb2) 46... Nxb6 (46... Nf6 $142) 47. axb6 {KL-KL} Bc6 48. Kc4 Bd5+ 49. Kd4 Bc6 50. Bc3 Bd5 51. Kd3 Kd7 52. g4 Ke6 53. h3 Bf3 54. Kd2 Bc6 55. Bd4 Bd5 56. Ke2 Bc6 57. Kf2 Kf7 58. Kg3 a5 $2 (58... h5 $16 59. gxh5 gxh5) 59. Kh4 $18 Ke6 $2 (59... fxg4 60. hxg4 (60. Kxg4 a4 $16) 60... h6) 60. Kg5 a4 61. Kh6 a3 62. Kxh7 fxg4 63. hxg4 Kf7 64. f5 {Precision: Weiß = 74%, Schwarz = 44%.} 1-0

[Event "Vanya Somov Memorial 2018"]
[Site "Kirishi"]
[Date "2018.05.19"]
[Round "5.5"]
[White "Shevchenko, Kirill"]
[Black "Pultinevicius, Paulius"]
[Result "1-0"]
[WhiteElo "2569"]
[BlackElo "2402"]
[Annotator "TA"]
[PlyCount "97"]
[EventDate "2018.05.15"]
[EventType "tourn"]
[EventRounds "11"]
[EventCountry "RUS"]

{[%evp 28,97,25,24,19,19,32,11,27,16,53,50,61,30,61,4,106,106,117,117,122,94,93,77,115,90,121,107,145,143,157,112,112,112,112,112,209,189,226,93,202,200,205,202,350,337,434,409,383,140,152,139,207,210,183,160,412,406,406,406,359,403,473,374,392,380,499,514,447,444,29990,29992]} 1. e4 e5 2. Nf3 Nc6 3. Bb5 {[%cal Bf1b5,Bb5a4,Ba4b3][%mdl 32]} a6 4. Ba4 Nf6 5. O-O Be7 6. Re1 b5 7. Bb3 d6 8. a4 Bd7 9. c3 O-O 10. d4 {[%cal Bd2d4,Bd4d5][%mdl 32]} h6 {C90: Closed Ruy Lopez with 7...d6: Early deviations} 11. Na3 Re8 12. d5 Na5 13. Bc2 c6 14. b4 Nc4 15. Nxc4 {LiveBook: 3 Games} bxc4 16. dxc6 Bxc6 {[#]} 17. Nh4 $146 ({Predecessor:} 17. a5 Bf8 18. Be3 {½-½ (27) Ljubojevic,L (2625)-Beliavsky,A (2620) Szirak 1987}) 17... Bf8 18. Nf5 Rc8 19. Qf3 Re6 20. Bb2 Nh7 21. Qe2 ({White should try} 21. Qg3 $14) 21... Ng5 (21... Nf6 $11) 22. f3 $16 Rg6 {White should prevent ...Nh3+.} 23. Kh1 Ne6 {next ...Nf4 is good for Black.} 24. Bc1 ({Inferior is} 24. Qxc4 Bxa4 25. Qxc8 (25. Qe2 $2 Nf4 $17) 25... Qxc8 $11) 24... Bb7 25. Be3 Qc7 26. Rad1 Rd8 27. Qf2 {Hoping for Bb6.} Rd7 28. a5 Bc6 29. Rd2 Qb7 30. Red1 {[%cal Rf5d6,Be1d1,Bd1d2,Bd2d8,Bd8d6][%mdl 32]} Nc7 {With the idea ...Nb5.} 31. Qe2 d5 (31... Bb5 $16 32. g3 Re6) 32. exd5 Rxd5 33. Ng3 (33. Qxc4 $18 Bb5 34. Qh4) 33... Rxd2 (33... Nb5 $16 {was worth a try.} 34. Qxc4 Na3) 34. Rxd2 $18 Re6 35. Qxc4 Bxf3 (35... Qb5 {was necessary.} 36. Qxb5 Nxb5) 36. Ne4 Bh5 37. Rd8 {[#] Strongly threatening Nc5.} Re8 38. Nd6 $2 (38. Rd7 $18 {is the precise move to win.} Re7 39. Nd6) 38... Bxd6 $16 39. Rxd6 $40 {[%mdl 128] White goes for the king.} Nb5 (39... Bf3 $16) 40. Rb6 $18 Qd7 41. Qc6 ({Don't take} 41. Rxa6 $6 Na3 $16) 41... Qd8 $2 (41... Qxc6 $16 {was called for.} 42. Rxc6 Na3) 42. Qe4 {[#] Qh7+ would kill now.} ({Don't do} 42. Rxa6 Na3 $18) 42... Bg6 43. Rxg6 fxg6 44. Qxg6 Nd6 {If Black can now play ...Qf6 this consolidates a bit.} 45. Qh7+ Kf8 46. Bg6 Nf7 47. Bc5+ Re7 48. Bd3 Nd6 (48... Qd5 $18 49. Qf5 Ke8 50. Qc8+ Nd8) 49. Qh8+ {Precision: White = 68%, Black = 37%.} 1-0

[Event "Vanya Somov Memorial 2018"]
[Site "Kirishi"]
[Date "2018.05.19"]
[Round "5.6"]
[White "Lobanov, Sergei"]
[Black "Nesterov, Arseniy"]
[Result "1/2-1/2"]
[WhiteElo "2515"]
[BlackElo "2395"]
[Annotator "TA"]
[PlyCount "79"]
[EventDate "2018.05.15"]
[EventType "tourn"]
[EventRounds "11"]
[EventCountry "RUS"]

{[%evp 26,79,8,6,66,71,63,79,70,70,74,53,64,51,51,54,60,35,45,52,82,89,117,115,138,149,208,200,277,13,9,0,0,0,0,0,0,0,0,0,0,0,0,0,0,0,0,0,0,0,0,0,0,0,0,0]} 1. e4 e6 2. d4 d5 3. Nc3 Bb4 4. e5 c5 5. a3 Bxc3+ 6. bxc3 Ne7 7. Qg4 Qc7 8. Bd3 cxd4 9. Ne2 dxc3 10. Qxg7 Rg8 11. Qxh7 Qxe5 12. Bf4 Qf6 13. h4 Rxg2 14. Kf1 {LiveBook: 8 Games. C18: French: 3 Nc3 Bb4: Main line: 7 h4 and 7 Qg4} e5 (14... Rg8 $1 $11) (14... Rg8 15. Rg1 Rh8 16. Bg5 Rxh7 17. Bxf6 Rh6 18. Bg5 Rh8 19. Bf6 Rh6 20. Bg5 Rh8 21. Bf6 {½-½ (21) Leko,P (2728)-Shirov,A (2713) Saratov 2011}) 15. Kxg2 $14 exf4 16. Qh5 {White is slightly better.} Nbc6 17. f3 Bf5 $1 18. Qg5 Qxg5+ 19. hxg5 Bxd3 20. cxd3 {[%cal Bc2d3,Bd3d4,Bd4e5][%mdl 32]} Kd7 $146 ({Predecessor:} 20... O-O-O 21. Nxc3 Nf5 {½-½ (45) Gara,A (2260)-Gonczi,J (2224) Budapest 1999}) 21. Nxc3 Rg8 22. Rh5 Ne5 23. d4 Rc8 24. Nxd5 ({But not} 24. dxe5 $6 Rxc3 25. Rb1 b6 $11) 24... Nxd5 25. dxe5 $16 {[%mdl 4096] Endgame KRR-KRN} Rc2+ {[#]} (25... Ke7 $16 26. Kh3 Ke6) 26. Kh3 $1 $18 Rf2 {[#]} 27. Rd1 $2 (27. Rh6 $1 $18 Ne3 28. Rf6 Rxf3+ 29. Kh4) 27... Ke6 $11 {The position is equal.} 28. Rxd5 Kxd5 {KR-KR} 29. Kg4 Kxe5 {White must now prevent ...Rg2+.} 30. g6+ $1 Kf6 31. gxf7 Rg2+ 32. Kxf4 Kxf7 33. Rh7+ Rg7 34. Rh6 Rg6 35. Rxg6 Kxg6 36. Ke5 b5 $1 37. Kd5 a5 $1 38. Kc5 b4 $1 {[%cal Rb4b3]} 39. axb4 axb4 40. Kxb4 {Precision: White = 68%, Black = 68%.} 1/2-1/2

[Event "Vanya Somov Memorial 2018"]
[Site "Kirishi"]
[Date "2018.05.21"]
[Round "6.1"]
[White "Shubin, Kirill"]
[Black "Nesterov, Arseniy"]
[Result "1/2-1/2"]
[WhiteElo "2317"]
[BlackElo "2395"]
[PlyCount "43"]
[EventDate "2018.05.15"]
[EventType "tourn"]
[EventRounds "11"]
[EventCountry "RUS"]

1. d4 d5 2. c4 c6 3. cxd5 cxd5 4. Bg5 Nc6 5. Nc3 f6 6. Bd2 e5 7. e4 Nxd4 8. Nge2 Nxe2 9. Bxe2 d4 10. Nd5 Be6 11. Bc4 Bxd5 12. Bxd5 Ne7 13. Qa4+ Nc6 14. Rc1 Rc8 15. O-O Bd6 16. Rc4 Ke7 17. Rfc1 Qd7 18. Qd1 h5 19. h3 h4 20. a3 a6 21. Qb3 Rc7 22. Qf3 1/2-1/2